000 00846nam a2200229Ia 4500
003 GCL
008 140319s9999 xx 000 0 ara d
040 _aGCL /
_cGCL
082 0 4 _a305.42
_bا ب
100 1 _aاحمد مصطفى جابر
245 1 0 _aبيان من اجل المرأة الفلسطينية :
_bضد العنف والتمييز /
_cاحمد مصطفى جابر
250 _aالاولى
260 _aسوريا :
_bدار كنعان للدراسات والنشر ،
_c2005
300 _a127 ص ؛
_c16 سم
650 0 4 _aالمرأة العاملة
650 0 4 _aحقوق المرأة
650 0 4 _aالمرأة - الوضع القانونى
650 0 4 _aالمرأة - تصويت
650 0 4 _aالمرأة - امراض - الجوانب النفسية
650 0 4 _aالعنف ضد المراة
942 _2ddc
_cBK
999 _c8128
_d8128